[Event "New York 1000 GM Spring Schev"]
[Site "New York"]
[Date "2024.03.30"]
[Round "6.9"]
[White "Mou, Iris Zhaoying"]
[Black "Bonin, Jay R"]
[Result "0-1"]
[WhiteElo "2216"]
[BlackElo "2154"]
[PlyCount "114"]
[EventDate "2024.03.27"]
[EventType "schev"]
[EventRounds "9"]
[EventCountry "USA"]
[SourceTitle "CB14_2024"]
[SourceDate "2024.04.01"]
[SourceVersion "1"]
[SourceVersionDate "2024.04.01"]
[SourceQuality "1"]

1. e4 c6 2. d4 a6 3. Nc3 d5 4. Nf3 Bg4 5. h3 Bh5 6. exd5 cxd5 7. g4 Bg6 8. h4 Nc6 9. h5 Be4 10. Be3 Bxf3 11. Qxf3 e6 12. g5 h6 13. g6 f5 14. 0-0-0 Nf6 15. Bf4 Qa5 16. Qe2 Kd7 17. Kb1 Bb4 18. Rh3 Rac8 19. a3 Bd6 20. Bxd6 Kxd6 21. Re3 Rhe8 22. Na2 Qb6 23. Rb3 Qc7 24. Nc1 Na5 25. Rc3 Qb6 26. Rxc8 Rxc8 27. f3 Kd7 28. Nd3 Nc4 29. Ne5+ Ke7 30. Nxc4 Rxc4 31. Qe5 Rc6 32. Re1 Kd7 33. c4 dxc4 34. d5 Rc5 35. dxe6+ Ke7 36. Qc3 Qb3 37. Qd4 Rd5 38. Qxc4 Rd1+ 39. Rxd1 Qxd1+ 40. Ka2 Qd5 41. Qxd5 Nxd5 42. b4 Nf4 43. b5 axb5 44. Bxb5 Nxh5 45. Kb3 Nf4 46. Kc3 h5 47. a4 b6 48. Kb4 Kxe6 49. Bf1 Kd6 50. Kb5 Kc7 51. Kc4 h4 52. Kd4 Kd6 53. Ke3 Ke5 54. Kf2 Nxg6 55. Bb5 Kf4 56. Bc6 Ne5 57. Bd5 h3 0-1

[Event "Titled Tuesday intern op 12th Mar Late"]
[Site "Chess.com INT"]
[Date "2024.03.12"]
[Round "11"]
[White "Bonin, Jay R"]
[Black "Carrasco Miranda, Andres"]
[Result "1-0"]
[WhiteElo "2154"]
[BlackElo "2247"]
[PlyCount "35"]
[EventDate "2024.03.12"]
[EventType "swiss (blitz)"]
[EventRounds "11"]
[EventCountry "USA"]
[SourceTitle "CB12_2024"]
[SourceDate "2023.10.01"]
[SourceVersion "1"]
[SourceVersionDate "2023.10.01"]
[SourceQuality "1"]

1. d4 Nf6 2. Nf3 g6 3. c4 Bg7 4. Nc3 0-0 5. e4 d6 6. Be2 e5 7. dxe5 dxe5 8. Qxd8 Rxd8 9. Bg5 Nbd7 10. 0-0-0 Rf8 11. Nd5 c6 12. Ne7+ Kh8 13. Be3 Nxe4 14. Nxc8 Raxc8 15. Rxd7 f5 16. Ng5 Nf6 17. Rxb7 f4 18. Bc5 1-0

[Event "Titled Tuesday intern op 12th Mar Late"]
[Site "Chess.com INT"]
[Date "2024.03.12"]
[Round "1"]
[White "Skvortsov, Andrei"]
[Black "Bonin, Jay R"]
[Result "0-1"]
[WhiteElo "2295"]
[BlackElo "2154"]
[PlyCount "108"]
[EventDate "2024.03.12"]
[EventType "swiss (blitz)"]
[EventRounds "11"]
[EventCountry "USA"]
[SourceTitle "CB12_2024"]
[SourceDate "2023.10.01"]
[SourceVersion "1"]
[SourceVersionDate "2023.10.01"]
[SourceQuality "1"]

1. e4 e5 2. d4 Nc6 3. dxe5 Nxe5 4. Nc3 Bc5 5. Nf3 Nxf3+ 6. Qxf3 d6 7. Qg3 Nf6 8. Bc4 0-0 9. 0-0 Ng4 10. h3 Ne5 11. Be2 f5 12. exf5 Bxf5 13. Na4 Bb6 14. Nxb6 axb6 15. c4 Qf6 16. Qc3 Nc6 17. Qxf6 Rxf6 18. Bg5 Rg6 19. h4 h6 20. Be3 Be4 21. f3 Bc2 22. h5 Re6 23. Kf2 Rae8 24. Rac1 Rxe3 25. Rxc2 Nd4 26. Rd2 Rxe2+ 27. Rxe2 Rxe2+ 28. Kg3 Rxb2 29. Re1 Kf7 30. Re4 c5 31. Rf4+ Ke7 32. Re4+ Ne6 33. f4 Kf6 34. Re3 Rb4 35. Rd3 Rxc4 36. Rxd6 Rxf4 37. Rxb6 Ra4 38. Rxb7 Ra3+ 39. Kh4 Rxa2 40. g4 Ng5 41. Rb6+ Ke5 42. Rb5 Ra3 43. Rb3 Ra2 44. Kg3 c4 45. Rb7 c3 46. Rxg7 c2 47. Rc7 Kd4 48. Rc6 Ne4+ 49. Kf4 Nc3 50. Rd6+ Kc5 51. Rg6 c1Q+ 52. Kf5 Qf1+ 53. Ke6 Nd5 54. Kd7 Ra7+ 0-1

[Event "Titled Tuesday intern op 12th Mar Late"]
[Site "Chess.com INT"]
[Date "2024.03.12"]
[Round "6"]
[White "Tarnowska, Aleksandra"]
[Black "Bonin, Jay R"]
[Result "1/2-1/2"]
[WhiteElo "1876"]
[BlackElo "2154"]
[PlyCount "103"]
[EventDate "2024.03.12"]
[EventType "swiss (blitz)"]
[EventRounds "11"]
[EventCountry "USA"]
[SourceTitle "CB12_2024"]
[SourceDate "2023.10.01"]
[SourceVersion "1"]
[SourceVersionDate "2023.10.01"]
[SourceQuality "1"]

1. e4 e5 2. Nf3 Qe7 3. c3 g6 4. Bc4 Bg7 5. 0-0 Nf6 6. Re1 0-0 7. d3 h6 8. Nbd2 d6 9. h3 a5 10. Bb3 Nbd7 11. Nf1 Nc5 12. Bc2 Nh5 13. d4 Ne6 14. Ng3 Nhf4 15. Be3 Ng5 16. Bxf4 exf4 17. Nf1 Nxf3+ 18. Qxf3 g5 19. Nh2 c5 20. Qd3 cxd4 21. cxd4 Rd8 22. Rad1 Be6 23. a3 Rac8 24. Bb1 Bc4 25. Qf3 a4 26. Qh5 Qf6 27. e5 dxe5 28. Ng4 Qb6 29. Nxe5 Rxd4 30. Rxd4 Qxd4 31. Nxc4 Qxc4 32. Qg4 Rd8 33. Qf5 Qd5 34. Qh7+ Kf8 35. Be4 Qd2 36. Rb1 Qe2 37. Qf5 Rd1+ 38. Rxd1 Qxd1+ 39. Kh2 Bd4 40. Qc8+ Kg7 41. Qf5 Bxf2 42. Qh7+ Kf8 43. Qh8+ Ke7 44. Qe5+ Kd7 45. Bf5+ Kc6 46. Qc3+ Kb6 47. Qb4+ Ka7 48. Qa5+ Kb8 49. Qe5+ Ka7 50. Qa5+ Kb8 51. Qe5+ Ka7 52. Qa5+ 1/2-1/2

[Event "Titled Tuesday intern op 13th Feb Late"]
[Site "Chess.com INT"]
[Date "2024.02.13"]
[Round "6"]
[White "Gasparyan, Davit"]
[Black "Bonin, Jay R"]
[Result "1-0"]
[WhiteElo "2163"]
[BlackElo "2155"]
[PlyCount "97"]
[EventDate "2024.02.13"]
[EventType "swiss (blitz)"]
[EventRounds "11"]
[EventCountry "USA"]
[SourceTitle "CB08_2024"]
[SourceDate "2024.02.21"]
[SourceVersion "1"]
[SourceVersionDate "2024.02.21"]
[SourceQuality "1"]

1. d4 Nf6 2. Bf4 d5 3. Nc3 c6 4. e3 Bf5 5. Nf3 h6 6. Ne5 Nbd7 7. Bd3 e6 8. Bxf5 exf5 9. Qd3 g6 10. h3 Bb4 11. f3 Qa5 12. 0-0 Bxc3 13. bxc3 Nh5 14. Nxd7 Nxf4 15. Nf6+ Ke7 16. exf4 Kxf6 17. Rae1 Rhe8 18. Re5 Qxa2 19. Rfe1 Re6 20. Rxe6+ fxe6 21. Qe2 Re8 22. Qe5+ Kf7 23. Re2 Qc4 24. Re3 a5 25. Qc7+ Re7 26. Qxa5 b5 27. Kh2 c5 28. Rd3 cxd4 29. cxd4 Qxc2 30. Qxb5 g5 31. fxg5 hxg5 32. Re3 Qd2 33. Rd3 Qf4+ 34. Kg1 Rc7 35. Rd1 Rc2 36. Qd7+ Kf6 37. Qd8+ Kg6 38. Qe8+ Kf6 39. Qf8+ Kg6 40. Qg8+ Kf6 41. Re1 Qxd4+ 42. Kh1 Re2 43. Qh8+ Kg6 44. Qxd4 Rxe1+ 45. Kh2 Rb1 46. Qe3 Kf6 47. Qc3+ e5 48. Qc6+ Kg7 49. Qxd5 1-0

[Event "Titled Tuesday intern op 13th Feb Late"]
[Site "Chess.com INT"]
[Date "2024.02.13"]
[Round "3"]
[White "Mena, Martin"]
[Black "Bonin, Jay R"]
[Result "0-1"]
[WhiteElo "2032"]
[BlackElo "2155"]
[PlyCount "80"]
[EventDate "2024.02.13"]
[EventType "swiss (blitz)"]
[EventRounds "11"]
[EventCountry "USA"]
[SourceTitle "CB08_2024"]
[SourceDate "2024.02.21"]
[SourceVersion "1"]
[SourceVersionDate "2024.02.21"]
[SourceQuality "1"]

1. c4 Nc6 2. g3 e5 3. Bg2 f5 4. Nc3 Nf6 5. e3 Bb4 6. Nge2 0-0 7. 0-0 Bxc3 8. Nxc3 d6 9. d4 Kh8 10. b3 Rb8 11. Bb2 a6 12. Rc1 e4 13. Ne2 Nb4 14. Qd2 Nd3 15. Rcd1 c6 16. Ba3 b5 17. Nc1 bxc4 18. bxc4 Nxc1 19. Rxc1 Be6 20. Qc3 Rf7 21. Rb1 Rfb7 22. Rb3 d5 23. c5 Rxb3 24. axb3 g5 25. Bb4 f4 26. exf4 gxf4 27. gxf4 Nh5 28. Ba5 Qh4 29. Bc7 Nxf4 30. Bxb8 Ne2+ 31. Kh1 Nxc3 32. Be5+ Kg8 33. Rg1 Kf7 34. Bf1 Bg4 35. Bg3 Bf3+ 36. Bg2 Qh3 37. Bxf3 exf3 38. Be5 Ne2 39. Rg7+ Kf8 40. Rg5 Qf1+ 0-1

[Event "Titled Tuesday intern op 06th Feb Late"]
[Site "Chess.com INT"]
[Date "2024.02.06"]
[Round "3"]
[White "Bonin, Jay R"]
[Black "Gaite, Karen Nerina"]
[Result "1-0"]
[WhiteElo "2155"]
[BlackElo "1884"]
[PlyCount "79"]
[EventDate "2024.02.06"]
[EventType "swiss (blitz)"]
[EventRounds "11"]
[EventCountry "USA"]
[SourceTitle "CB07_2024"]
[SourceDate "2024.02.14"]
[SourceVersion "1"]
[SourceVersionDate "2024.02.14"]
[SourceQuality "1"]

1. d4 d5 2. Nf3 Nf6 3. c4 e6 4. Nc3 Be7 5. Bg5 0-0 6. e3 h6 7. Bh4 b6 8. Rc1 Bb7 9. Bxf6 Bxf6 10. cxd5 exd5 11. b4 Nc6 12. b5 Ne7 13. Be2 Rc8 14. 0-0 c6 15. bxc6 Nxc6 16. Qa4 Na5 17. Rfd1 Nc4 18. Bxc4 Rxc4 19. Qxa7 Qc7 20. Qa3 Ra8 21. Qb2 Be7 22. Ne5 Ba3 23. Qb3 Bxc1 24. Rxc1 Rc8 25. Nxc4 dxc4 26. Qb5 Ra8 27. h3 Ra5 28. Qb4 Rg5 29. d5 Bxd5 30. Nxd5 Rxd5 31. g3 Rc5 32. Rc3 Qc6 33. a4 Qe6 34. a5 Rxa5 35. Qxc4 Qxh3 36. Qc8+ Kh7 37. Qxh3 Ra1+ 38. Kg2 g6 39. Qd7 Kg7 40. Rc7 1-0

[Event "Titled Tuesday intern op 06th Feb Late"]
[Site "Chess.com INT"]
[Date "2024.02.06"]
[Round "1"]
[White "Fromm, Marius"]
[Black "Bonin, Jay R"]
[Result "1-0"]
[WhiteElo "2446"]
[BlackElo "2155"]
[PlyCount "53"]
[EventDate "2024.02.06"]
[EventType "swiss (blitz)"]
[EventRounds "11"]
[EventCountry "USA"]
[SourceTitle "CB07_2024"]
[SourceDate "2024.02.14"]
[SourceVersion "1"]
[SourceVersionDate "2024.02.14"]
[SourceQuality "1"]

1. e4 e5 2. Nf3 Qe7 3. Nc3 c6 4. d4 d6 5. Bc4 g6 6. Bg5 Nf6 7. a4 a5 8. 0-0 h6 9. Bh4 Bg7 10. h3 0-0 11. Re1 Na6 12. Bg3 Nh5 13. Bh2 Nb4 14. Ne2 d5 15. Bb3 dxe4 16. Nxe5 Be6 17. c3 Nd5 18. g4 Nhf6 19. Ng3 Nf4 20. Nxe4 Nxh3+ 21. Kg2 Nxe4 22. Rxe4 Ng5 23. Re3 Bxb3 24. Qxb3 Kh7 25. Nxg6 Qf6 26. Nxf8+ Rxf8 27. Be5 1-0

[Event "Titled Tuesday intern op 23rd Jan Late"]
[Site "Chess.com INT"]
[Date "2024.01.23"]
[Round "8"]
[White "Bonin, Jay R"]
[Black "Jelcic, Marko"]
[Result "1-0"]
[WhiteElo "2166"]
[BlackElo "2209"]
[PlyCount "109"]
[EventDate "2024.01.23"]
[EventType "swiss (blitz)"]
[EventRounds "11"]
[EventCountry "USA"]
[SourceTitle "CB05_2024"]
[SourceDate "2024.01.31"]
[SourceVersion "1"]
[SourceVersionDate "2024.01.31"]
[SourceQuality "1"]

1. d4 d5 2. Nf3 Nf6 3. c4 c6 4. Qb3 dxc4 5. Qxc4 Bf5 6. Nbd2 e6 7. g3 Qd5 8. Bg2 Qxc4 9. Nxc4 Nbd7 10. 0-0 Be7 11. Na5 0-0-0 12. a3 Be4 13. Ng5 Bxg2 14. Kxg2 Rhf8 15. b4 h6 16. Nf3 a6 17. Bb2 Nb6 18. Ne5 Ne4 19. Rad1 Bf6 20. f3 Nd6 21. Nd3 Ndc4 22. Nxc4 Nxc4 23. Bc1 Bxd4 24. Nc5 Bxc5 25. bxc5 Rxd1 26. Rxd1 Rd8 27. Rxd8+ Kxd8 28. e4 Kc7 29. Kf2 b5 30. cxb6+ Kxb6 31. Ke2 Kb5 32. Kd3 Ne5+ 33. Ke3 Ka4 34. f4 Nc4+ 35. Kd4 Nxa3 36. Kc5 Kb3 37. Kxc6 a5 38. Kd7 a4 39. Ke7 Nc4 40. Kxf7 Nb2 41. Kxg7 a3 42. f5 exf5 43. exf5 a2 44. f6 a1Q 45. f7 Nd3+ 46. Kg8 Qxc1 47. f8Q Qg5+ 48. Qg7 Kc4 49. Qxg5 hxg5 50. h4 g4 51. h5 Ne5 52. h6 Ng6 53. h7 Kd5 54. Kg7 Ke6 55. Kxg6 1-0

[Event "New York 1000 GM Winter IM-C"]
[Site "New York"]
[Date "2024.01.13"]
[Round "5"]
[White "Mou, Iris Zhaoying"]
[Black "Bonin, Jay R"]
[Result "1-0"]
[WhiteElo "2128"]
[BlackElo "2166"]
[PlyCount "39"]
[EventDate "2024.01.11"]
[EventType "swiss"]
[EventRounds "9"]
[EventCountry "USA"]
[SourceTitle "CB04_2024"]
[SourceDate "2023.10.16"]
[SourceVersion "1"]
[SourceVersionDate "2023.10.16"]
[SourceQuality "1"]

1. e4 c5 2. Nf3 Nc6 3. Bb5 g6 4. Bxc6 dxc6 5. d3 Bg4 6. Nbd2 Bg7 7. h3 Bxf3 8. Nxf3 e5 9. Be3 b6 10. Qd2 Qe7 11. Qc3 a5 12. a3 f5 13. Bg5 Qe6 14. exf5 gxf5 15. 0-0 Ne7 16. Bxe7 Kxe7 17. Rfe1 Kd6 18. d4 cxd4 19. Nxd4 Qd7 20. Nb5+ 1-0

[Event "New York 1000 GM Winter IM-C"]
[Site "New York"]
[Date "2024.01.12"]
[Round "3"]
[White "Goktepe, Derin"]
[Black "Bonin, Jay R"]
[Result "1/2-1/2"]
[WhiteElo "2187"]
[BlackElo "2166"]
[PlyCount "84"]
[EventDate "2024.01.11"]
[EventType "swiss"]
[EventRounds "9"]
[EventCountry "USA"]
[SourceTitle "CB04_2024"]
[SourceDate "2023.10.16"]
[SourceVersion "1"]
[SourceVersionDate "2023.10.16"]
[SourceQuality "1"]

1. d4 Nf6 2. c4 g6 3. Nf3 Bg7 4. g3 0-0 5. Bg2 d5 6. cxd5 Nxd5 7. 0-0 Nc6 8. Nc3 Nb6 9. d5 Na5 10. e4 c6 11. Bf4 cxd5 12. Nxd5 Nxd5 13. exd5 Nc4 14. Qb3 Nd6 15. Be5 Bxe5 16. Nxe5 Bd7 17. Rac1 Bb5 18. Rfe1 Qa5 19. Bh3 Qd2 20. a4 Ba6 21. Nd7 Rfc8 22. Rcd1 Qh6 23. Bg2 Nf5 24. f4 Rc7 25. Ne5 Nd6 26. Rc1 Rac8 27. Rxc7 Rxc7 28. Qe3 Qf8 29. b4 f6 30. b5 fxe5 31. fxe5 Nc4 32. Qd4 Bxb5 33. axb5 Nb6 34. d6 exd6 35. exd6 Rd7 36. Bh3 Qxd6 37. Qxd6 Rxd6 38. Re7 Rd1+ 39. Kg2 Rd2+ 40. Kf3 Rxh2 41. Be6+ Kh8 42. Rxb7 Rb2 1/2-1/2

[Event "Titled Tuesday intern op 09th Jan Early"]
[Site "Chess.com INT"]
[Date "2024.01.09"]
[Round "9"]
[White "Gutierrez Carmona, Juan Alejandro"]
[Black "Bonin, Jay R"]
[Result "0-1"]
[WhiteElo "2095"]
[BlackElo "2166"]
[PlyCount "70"]
[EventDate "2024.01.09"]
[EventType "swiss (blitz)"]
[EventRounds "11"]
[EventCountry "USA"]
[SourceTitle "CB03_2024"]
[SourceDate "2024.01.17"]
[SourceVersion "1"]
[SourceVersionDate "2024.01.17"]
[SourceQuality "1"]

1. e4 c5 2. Nf3 Nc6 3. Bb5 g6 4. Bxc6 dxc6 5. d3 Bg4 6. Nbd2 Bg7 7. h3 Bxf3 8. Nxf3 Nf6 9. 0-0 0-0 10. a4 a5 11. Be3 b6 12. Qc1 Nd7 13. Bh6 e5 14. Nh2 Qe7 15. Bxg7 Kxg7 16. Ng4 h5 17. Qh6+ Kg8 18. Ne3 Qf6 19. b3 b5 20. f4 exf4 21. Qxf4 Qxf4 22. Rxf4 Ne5 23. Rf6 Rfd8 24. axb5 cxb5 25. Rb6 b4 26. Rb5 Nxd3 27. cxd3 Rxd3 28. Nd5 Rxb3 29. Raxa5 Rxa5 30. Rxa5 c4 31. Rb5 c3 32. Rxb4 c2 33. Rc4 Rb1+ 34. Kh2 c1Q 35. Rxc1 Rxc1 0-1

[Event "New York 1000 GM Fall IM-B"]
[Site "New York"]
[Date "2023.11.11"]
[Round "6"]
[White "Bonin, Jay R"]
[Black "Yu, Jiangwei"]
[Result "0-1"]
[WhiteElo "2203"]
[BlackElo "2366"]
[PlyCount "84"]
[EventDate "2023.11.08"]
[EventType "tourn"]
[EventRounds "9"]
[EventCountry "USA"]
[SourceTitle "CB46_2023"]
[SourceDate "2023.11.15"]
[SourceVersion "1"]
[SourceVersionDate "2023.11.15"]
[SourceQuality "1"]

1. d4 Nf6 2. Nf3 g6 3. c4 Bg7 4. Nc3 0-0 5. e4 d6 6. Be2 Na6 7. 0-0 e5 8. Rb1 exd4 9. Nxd4 Nc5 10. f3 a5 11. Ndb5 Ne8 12. Be3 Be6 13. Qd2 Qe7 14. Rfd1 Kh8 15. b3 f5 16. exf5 Bxf5 17. Rbc1 Nf6 18. Re1 Rf7 19. Bf1 Qf8 20. g4 Bc8 21. Bg2 b6 22. Re2 Bb7 23. Rce1 Rc8 24. Bd4 Ng8 25. Bxg7+ Qxg7 26. Nd4 Rcf8 27. a3 Rf4 28. Rd1 Qf6 29. b4 axb4 30. axb4 Nd7 31. Ne6 Rxc4 32. Nxf8 Qxf8 33. Nd5 Bxd5 34. Qxd5 Rxb4 35. Qc6 Ne5 36. Qxc7 Nxf3+ 37. Kh1 Qf4 38. Qc3+ Ne5 39. Rf1 Qd4 40. Qxd4 Rxd4 41. h3 Kg7 42. Rb2 g5 0-1

[Event "Titled Tuesday intern op 12th Sep Late"]
[Site "Chess.com INT"]
[Date "2023.09.12"]
[Round "2"]
[White "Hajiyev, Kanan"]
[Black "Bonin, Jay R"]
[Result "1-0"]
[WhiteElo "2113"]
[BlackElo "2203"]
[PlyCount "77"]
[EventDate "2023.09.12"]
[EventType "swiss (blitz)"]
[EventRounds "11"]
[EventCountry "USA"]
[SourceTitle "EXT 2024"]
[Source "ChessBase"]
[SourceDate "2023.10.10"]
[SourceVersion "1"]
[SourceVersionDate "2023.10.10"]
[SourceQuality "1"]

1. d4 Nf6 2. Nf3 d6 3. c4 g6 4. g3 Bg7 5. Bg2 0-0 6. 0-0 c6 7. b3 a5 8. Nc3 Nbd7 9. Bb2 e5 10. Qc2 Re8 11. e4 exd4 12. Nxd4 Nc5 13. Rad1 Qb6 14. Kh1 Ng4 15. h3 Ne5 16. f4 Ned3 17. Rxd3 Nxd3 18. Na4 Nb4 19. Nxb6 Nxc2 20. Nxc2 Bxb2 21. Nxa8 f5 22. Nb6 fxe4 23. Nxc8 Rxc8 24. Bxe4 Bf6 25. Re1 Re8 26. Bd5+ Kf8 27. Rxe8+ Kxe8 28. Be4 Ke7 29. Kg2 Ke6 30. Kf3 d5 31. cxd5+ cxd5 32. Bd3 Kd6 33. g4 Kc5 34. g5 Bg7 35. h4 b5 36. h5 gxh5 37. Bxh7 a4 38. Bd3 axb3 39. axb3 1-0